Britannica Book of the year. (Record no. 12923)

000 -LEADER
fixed length control field 00439nam a22001577a 4500
008 - FIXED-LENGTH DATA ELEMENTS--GENERAL INFORMATION
fixed length control field 211228b ||||| |||| 00| 0 eng d
020 ## - INTERNATIONAL STANDARD BOOK NUMBER
International Standard Book Number 0852296002
082 00 - DEWEY DECIMAL CLASSIFICATION NUMBER
Classification number 032
Item number E5633
110 ## - MAIN ENTRY--CORPORATE NAME
9 (RLIN) 5192
Corporate name or jurisdiction name as entry element Britanica Encyclopedia
245 10 - TITLE STATEMENT
Title Britannica Book of the year.
260 ## - PUBLICATION, DISTRIBUTION, ETC. (IMPRINT)
Place of publication, distribution, etc London :
Name of publisher, distributor, etc Encyclopedia Britannica, inc.,
Date of publication, distribution, etc c1994.
300 ## - PHYSICAL DESCRIPTION
Extent 928 p.
650 #0 - SUBJECT ADDED ENTRY--TOPICAL TERM
Topical term or geographic name as entry element Encyclopedia
General subdivision Encyclopedia Britannica
Topical term or geographic name as entry element Yearbook
942 ## - ADDED ENTRY ELEMENTS (KOHA)
Item type Reference book
Holdings
Withdrawn status Lost status Source of classification or shelving scheme Damaged status Not for loan Permanent location Current location Date acquired Source of acquisition Cost, normal purchase price Full call number Barcode Date last seen Cost, replacement price Koha item type
          IMU Kolkata IMU Kolkata 1994-08-16 Shankar Book Agency 1200.00 032 E5633 08262 2021-12-28 1200.00 Books
Designed and Maintained by IMU-KC Library, Kolkata Campus © Copyright All Rights Reserved

webs counters

Powered by Koha